| 000 | 00775nam a22002057a 4500 | ||
|---|---|---|---|
| 003 | NUST-PNEC | ||
| 005 | 20170116180735.0 | ||
| 008 | 141123b xxu||||| |||| 00| 0 eng d | ||
| 020 | _a0072225661 | ||
| 040 | _cPNEC | ||
| 082 | _a005.447682 MCC | ||
| 100 |
_91031 _aMcCaw Rory |
||
| 245 |
_aMCSE/MCSA implementing a Windows server 2003 network infrastructure study guide (exam 70-291) _cRory McCaw; Kenneth S Lind |
||
| 260 |
_aNew York : _bMcGraw-Hill/Osborne, _c©2004. |
||
| 300 |
_axxix, 749 p. : _bill. ; _c24 cm. |
||
| 500 | _aIncludes index. | ||
| 650 | _xMIS, Computer | ||
| 856 | _uhttp://www.amazon.com/Implementing-Windows-Server-Network-Infrastructure/dp/0072225661/ref=sr_1_1?s=books&ie=UTF8&qid=1416758676&sr=1-1&keywords=0072225661 | ||
| 942 |
_2ddc _cBK |
||
| 999 |
_c61947 _d61947 |
||